000 00929nam a2200241Ia 4500
003 IN-BaIIA
008 211028s9999 xx 000 0 eng d
020 _a0-306-42581-5
040 _cIIA Library
080 _a533
_bSTR
111 _aNATO Advanced Research Workshop
_cCalifornia
_d1986 Aug. 4-9
_918950
245 0 _aStrongly coupled plasma physics
_bproceedings of the NATO advanced research workshop held in Santa Cruz, California, August 4-9, 1986
_cedited by Forrest J. Rogers and Huge E. Dewitt
260 _aNew York
_bPlenum Press
_c1987
300 _axi, 610p.
490 _aNATO ASI series, series B: physics; v. 154
650 _aNASA Thesaurus
650 _aPlasma physics
_93732
650 _aPlasmas
_91898
700 _aDewitt, Huge E., ed.
_918951
700 _aRogers, Forrest J., ed.
_918952
710 _aNATO Scientific Affairs Division
_918953
942 _cBK
999 _c11056
_d11056